• 首页
  • 本馆介绍
  • 公告通知
  • 最新文献
  • 馆藏检索
  • 电子资源
  • 读者导购
  • 参考咨询
  • 我的图书馆
  • 登录
  • 详细信息显示
  • 放入我的书架
  • 预约/预借图书
  • 作者相关作品
  • 分类相关作品
  • 丛书相关作品
  • 出版社相关作品

书目信息

  • 表格格式
  • 工作单格式
  • 卡片格式
题名:
历史的启示
    
 
作者: 张志平 主编
分册:  
出版信息: 石家庄   河北教育出版社  1996
页数: 139页
开本: 20cm
丛书名:
单 册:
中图分类: K878.23
科图分类: 37.78232
主题词: 革命纪念地-西柏坡--简介
电子资源:
ISBN: 7-5434-2656-0
000 00655nam0 2200229 45
001 0196040063
005 20070710082855.32
010    @a7-5434-2656-0@dCNY5.70
100    @a19960815d1996 em y0chiy0121 ea
101 0  @achi
102    @aCN@b130000
105    @af z 000yd
200 10 @a历史的启示@ALI SHI DE QI SHI@f张志平主编@FZHANG ZHI PING ZHU BIAN
210    @a石家庄@c河北教育出版社@d1996@h1999
215    @a139页@c彩照@d20cm
606    @a革命纪念地-西柏坡@x简介
607    @a西柏坡-革命纪念地@x简介
690    @aK878.23
692    @a37.78232
701  0 @a张志平@AZHANG ZHI PING@4主编
801  0 @aCN@bTSSF@c20070710
905    @a10447@dK878.23@e243
    
    历史的启示/张志平主编.-石家庄:河北教育出版社,1996(1999)
    139页:彩照;20cm
    
    
    ISBN 7-5434-2656-0:CNY5.70
    
●
相关链接 在E读中查询图书 在五车中查询图书 在当当中查询图书 在豆瓣中查询图书


正题名:历史的启示     索取号:K878.23/243         预约/预借

序号 登录号 条形码 馆藏地/架位号 状态 备注
1 0765661   207656614   第二样本阅览室/ [索取号:K878.23/243] 在馆    
唐山师范学院图书馆 欢迎您!
大连网信软件有限公司© 版权所有